Statistics for Countries with the Highest Incidence of TB (Tuberculosis)

Click here to take the quiz!

General Stats

  • This quiz has been taken 129 times
  • The average score is 17 of 28

Answer Stats

IncidenceCountry% Correct
324Democratic Republic of the Congo
87%
322Nigeria
87%
379Republic of the Congo
85%
370Angola
83%
834South Africa
83%
551Mozambique
76%
489Namibia
74%
306Tanzania
74%
391Central African Republic
73%
356Botswana
72%
391Zambia
72%
395Indonesia
64%
788Lesotho
63%
465Gabon
62%
308Liberia
62%
307Sierra Leone
61%
373Guinea-Bissau
58%
365Myanmar
53%
322Philippines
52%
380Cambodia
47%
432Papua New Guinea
46%
565Swaziland
42%
498East Timor
39%
561North Korea
36%
378Djibouti
35%
428Mongolia
35%
551Kiribati
22%
344Marshall Islands
19%

Score Distribution

Percentile by Number Answered

Percent of People with Each Score

Your Score History

You have not taken this quiz